| 000 | 01653cam a22003495a 4500 | ||
|---|---|---|---|
| 999 |
_c27334 _d27305 |
||
| 005 | 20240818093041.0 | ||
| 008 | 170228t2016 enka fr 001 0 eng d | ||
| 020 | _a9781292100319 | ||
| 020 | _a1292100311 | ||
| 040 |
_aStDuBDS _beng _cStDuBDS _dEG-ScBUE _dEG-ScBUE |
||
| 082 | 0 | 4 |
_a530 _bYOU _222 |
| 100 | 1 | _aYoung, Hugh D. | |
| 245 | 1 | 0 |
_aSears and Zemansky's university physics with modern physics / _cHugh D. Young, Roger A. Freedman ; contributing author A. Lewis Ford. |
| 246 | 3 | 0 | _aUniversity physics with modern physics. |
| 250 | _a14th ed., Global ed. | ||
| 260 |
_aHarlow : _bPearson Education, _cc.2016. |
||
| 300 |
_a1593 p. : _bill. (some col.) ; _c28 cm. |
||
| 500 | _aIncludes index. | ||
| 520 | _aThe Fourteenth Edition improves the defining features of the text while adding new features influenced by education research to teach the skills needed by today’s students. A focus on visual learning, new problem types, and pedagogy informed by MasteringPhysics metadata headline the improvements designed to create the best learning resource for physics students. | ||
| 650 | 7 |
_aPhysics _xStudy and teaching (Higher) _2BUEsh |
|
| 650 | 7 |
_aPhysics _vProblems, exercises, etc. _2BUEsh _931057 |
|
| 651 | _2BUEsh | ||
| 653 |
_bENGGEN _cMarch2019 |
||
| 700 | 1 | _aFreedman, Roger A. | |
| 700 | 1 |
_aFord, A. Lewis _q(Albert Lewis), _econtributor. |
|
| 700 | 1 |
_aSears, Francis Weston, _d1898-1975. _tUniversity physics. |
|
| 700 | 1 |
_aZemansky, Mark Waldo, _d1900-1981. _tUniversity physics. |
|
| 942 |
_2ddc _hRDA-MOD |
||
| 336 |
_2rdacontent _atext _btxt |
||
| 337 |
_aunmediated _2rdamedia _bn |
||
| 338 |
_avolume _bnc _2rdacarrier |
||